Atlas of global development

Enregistré dans:
Détails bibliographiques
Format: Livre
Langue:anglais
Publié: Washington, D.C. <The> World Bank 2007
Sujets:
Tags: Ajouter un tag
Pas de tags, Soyez le premier à ajouter un tag!

MARC

LEADER 00000nam$a2200000$$$4500
001 0059374
005 20221207101011.3
020 |a 978-0-8213-6856-5 
041 0 |a eng 
044 |a US 
245 1 0 |a Atlas of global development 
264 1 |a Washington, D.C.  |b <The> World Bank  |c 2007 
300 |a 144 s. 
610 2 0 |a chudoba 
610 2 0 |a populácia 
610 2 0 |a vzdelanie 
610 2 0 |a zdravie 
610 2 0 |a hospodárstvo svetové 
610 2 0 |a infraštruktúra 
610 2 0 |a investície 
610 2 0 |a rast hospodársky 
610 2 0 |a integrácia 
610 2 0 |a rozvoj hospodársky 
610 2 0 |a zadlženosť zahraničná 
610 2 0 |a prostredie životné 
610 2 0 |a urbanizmus 
610 2 0 |a úroveň životná 
610 2 0 |a ukazovatele štatistické 
610 2 0 |a porovnanie medzinárodné 
610 2 0 |a svet